Personnages de Scott Pilgrim Takes Off par images - Statistiques

Statistiques générales
  • Ce quiz a été pris 8 fois
  • Le résultat moyen est 10 sur 20
Statistiques - réponses
Par images Réponse % Correct
Ramona Flowers
100%
Scott Pilgrim
100%
Gideon
71%
Gideon Graves
71%
Todd Ingram
71%
Envy Adams
57%
Kim Pine
57%
Lucas Lee
57%
Matthew Patel
57%
Neil Nordegraf
57%
Stephen Stills
57%
Wallace Wells
57%
Julie Powers
43%
Knives Chau
43%
Roxie Richter
29%
Stacey Pilgrim
29%
Edgar Wrong
14%
Ken Katayanagi
14%
Kyle Katayanagi
14%
Hollie Hawkes
0%
Aucun quiz correspondant
Distribution des résultats
% des personnes avec chaque résultat
Percentile par nombre de réponses
Votre historique - résultats
Vous n’avez pas pris ce quiz